Statistiques concernant Focus sur: Apolline Delacour - Harry Potter

Cliquez ici pour prendre le quiz!

Statistiques générales

  • Ce quiz a été pris 91 fois
  • Le résultat moyen est 5 sur 6

Statistiques - réponses

Informations recherchéesRéponses% Correct
FilleFleur Delacour
95%
FilleGabrielle Delacour
91%
Première apparitionHarry Potter et la Coupe de Feu
91%
Espèce (partiellement)Vélane
86%
Lieu de rencontre avec Harry PotterPoudlard
82%
Statut du sangHybride
55%

Distribution des résultats

Percentile par nombre de réponses

% des personnes avec chaque résultat

Votre développement - résultats

Vous n’avez pas pris ce quiz